000 00951nam a22002657a 4500
005 20170123162344.0
010 _a151582
020 _c3.00
035 _a151582
037 _bCen Lib/Ret
040 _aDPL
_bUR
082 _aن
_bھ ا ت
100 _aہاتھورن، نتھانیل
_9109629
245 _aداغ رسوائی /
_cنتھانیل ہاتھورن ؛ چندر موہن لامبا
246 _aDagh-e-ruswai /
_bby Nathanil Hathoran ; translated by Chander Mohan Lamba
260 _aنیی دہلی
_bانڈین اکادمی
_c1959
270 _bنیی دہلی
_e110002
_a٦، بی، ریگل بلڈنگ
300 _a232p.
_c17cm(Hb)
650 _aادب -- انگریجی
_9109373
650 _aانگریجی ناول اردو
_9129756
650 _aLiterature -- English
_932150
650 _aEnglish novel (Urdu)
_9129757
700 _aچندر موہن لامبا
_9534
942 _2ddc
_cUR
_hن
_mھ ا ت
999 _c108730
_d108730